Coloquio sobre Gramsci
Պահպանված է:
| Հիմնական հեղինակ: | |
|---|---|
| Ձևաչափ: | Գիրք |
| Լեզու: | իսպաներեն |
| Հրապարակվել է: |
Santiago
Palinodia
2016
|
| Հրատարակություն: | 1a. ed |
| Խորագրեր: | |
| Ցուցիչներ: |
Ավելացրեք ցուցիչ
Չկան պիտակներ, Եղեք առաջինը, ով նշում է այս գրառումը!
|
MARC
| LEADER | 00000cam a2200000 a 4500 | ||
|---|---|---|---|
| 001 | UCD7227 | ||
| 003 | CL-VaPUC | ||
| 008 | 170317e20160000cl |||||||||||||||||spa|d | ||
| 020 | |a 9789568438470 | ||
| 082 | 0 | 4 | |a 301 |b VAL |2 21 |
| 100 | 0 | |a Valderrama, Miguel |e author |9 591167 | |
| 245 | 1 | 0 | |a Coloquio sobre Gramsci |
| 250 | |a 1a. ed | ||
| 300 | |a 111 p | ||
| 942 | |c BK | ||
| 945 | |d 20170317 22:16:00 |a dcastane | ||
| 260 | |a Santiago |b Palinodia |c 2016 | ||
| 600 | 0 | 7 | |a GRAMSCI, ANTONIO |2 CL-VaPUC |9 310178 |
| 650 | 0 | |a Filosofía social |9 268191 | |
| 650 | 7 | |a FILOSOFIA POLITICA |2 CL-VaPUC |9 591168 | |
| 583 | |a last modification |c 20170317 22:16:00 |k Rodrigo Vera | ||
| 999 | |c 367291 |d 367289 | ||
| 952 | |0 0 |1 0 |3 erb |4 0 |6 301_000000000000000_VAL_2016 |7 0 |8 A |9 482114 |a FDOPOS |b FDOPOS |i 5365813 |o 301 VAL 2016 |p 5365813 |r 2025-01-22 |w 2019-11-24 |y BK |z Catalogado en:20170317 |k MEL | ||
| 952 | |0 0 |1 0 |3 erb |4 0 |6 301_000000000000000_VAL_2016 |7 0 |8 A |9 482115 |a BIBEDU |b BIBEDU |i 5389615 |o 301 VAL 2016 |p 5389615 |r 2019-11-24 |w 2019-11-24 |y BK |z Catalogado en:20170422 |k LIT | ||